Красное и черное: роман

Detalhes bibliográficos
Autor principal: Стендаль
Outros Autores: Любимов Н. М. (переводчик)
Resumo:Стендаль (1783—1842) — настоящая фамилия Анри Бейль — один из тех писателей, кто составил славу французской литературы XIX века. Его перу принадлежат "Пармская обитель", "Люсьен Левель", "Ванина Ванини", но вершиной творчества писателя стал роман "Красное и черное". Заурядный случай из уголовной хроники, лежащий в основе романа, стал под рукой тонкого психолога и блестящего стилиста Стендаля человеческой драмой высочайшего накала и одновременно социальным исследованием общества. Жюльен Сорель — честолюбивый и способный молодой человек — пережил и романтическую влюбленность, и бурную страсть, которой не смог противостоять и за которую расплатился жизнью.
Idioma:russo
Publicado em: Москва, Эксмо, 2006
Colecção:Зарубежная классика
Assuntos:
Formato: Livro
KOHA link:https://koha.lib.tpu.ru/cgi-bin/koha/opac-detail.pl?biblionumber=670308

MARC

LEADER 00000nam0a2200000 4500
001 670308
005 20240415143933.0
010 |a 5-699-10995-1 
090 |a 670308 
100 |a 20240125d2006 m||y0rusy50 ca 
101 1 |a rus  |c fre 
102 |a RU 
105 |a a z 000ay 
181 0 |a i   |b  e  
182 0 |a n 
183 0 |a nc  |2 RDAcarrier 
200 1 |a Красное и черное  |e роман  |f Стендаль  |g пер. с фр. Н. Любимова 
203 |a Текст  |b визуальный  |c непосредственный 
210 |a Москва  |c Эксмо  |d 2006 
215 |a 607 с.  |c ил. 
225 1 |a Зарубежная классика 
283 |a volume  |2 RDAcarrier 
330 |a Стендаль (1783—1842) — настоящая фамилия Анри Бейль — один из тех писателей, кто составил славу французской литературы XIX века. Его перу принадлежат "Пармская обитель", "Люсьен Левель", "Ванина Ванини", но вершиной творчества писателя стал роман "Красное и черное". Заурядный случай из уголовной хроники, лежащий в основе романа, стал под рукой тонкого психолога и блестящего стилиста Стендаля человеческой драмой высочайшего накала и одновременно социальным исследованием общества. Жюльен Сорель — честолюбивый и способный молодой человек — пережил и романтическую влюбленность, и бурную страсть, которой не смог противостоять и за которую расплатился жизнью. 
606 1 |a Французская литература  |x Произведения  |9 81252 
610 1 |a художественная литература 
610 1 |a классическая литература 
610 1 |a романы 
610 1 |a французская классика 
675 |a 84  |v 4  |z rus 
700 1 |a Стендаль  |c настоящее имя и фамилия Анри Мари Бейль  |c французский писатель  |f 1783-1842  |9 217 
702 1 |4 730  |a Любимов  |b Н. М. 
801 0 |a RU  |b 63413507  |c 20240125 
942 |c BK